000 01178nam a22003497a 4500
001 BR2016000463
003 BR-BrBNA
005 20230928104813.0
007 ta
008 230509b bl.||||| |||| 00| 0 por d
040 _aBR-BrBNA
_bpor
_cBiblioteca Nacional de Agricultura
041 _a(Por)
072 _aL53; L70
_b5214
090 _ 5214 BR2016000463
100 1 _aAquino Neto, H.M. de
110 1 _aUniversidade Federal de Minas Gerais, Belo Horizonte (Brasil). Escola de Veterinária
_0Tese (Doutor em Ciência Animal)
245 1 _aPerfil hidroeletrolítico, ácido-base, metabólico e mineral de vacas da raça Holandesa no pós-parto e avaliação da fluidoterapia oral
260 3 _aBelo Horizonte, MG (Brasil):
_c2012.
300 _a104 p.
500 _aSummaries (Eng, Por); Bibliography p. 93-104; 24 illus.; 26 tables
650 _aGADO HOLANDÊS
650 _aVACA LEITEIRA
650 _aPÓS-PARTO
650 _aMINERAL
650 _aBIOQUÍMICA ANIMAL
650 _aSUPLEMENTO ALIMENTAR
650 _aDESIDRATAÇÃO
650 _aDISTÚRBIO METABÓLICO
650 _aTERAPIA
909 _a202309
_bLucia
_c55
_dLucia Elande
942 _cBK
999 _c81841
_d81841